000 00783nac a22002537a 4500
001 BR6007221
003 BR-BrBNA
005 20240105113203.0
008 230509b bl.|||m| |||| 00| 0 por d
040 _aBR-BrBNA
_bpor
_cBiblioteca Nacional de Agricultura
072 _aC00
090 _aC00 BR6007221
100 1 _aSilva, J.G. da
110 1 _aConfederacao Nacional dos Trabalhadores na Agricultura, Brasilia, DF (Brasil)
_92541
245 1 _aEducacao: conceitos, metodos e tecnicas para tecnicos
260 3 _aBrasilia, DF (Brasil):
_c1973.
300 _a28 p.
490 _aColecao CONTAG (Brazil)
_vno. 29
_x
500 _a13 ref.
650 _aEDUCACAO
650 _aASSISTENCIA TECNICA
909 _a202312
_bLúcia Elande
_c55
_dLúcia Elande
942 _2AGRIS
_n0
_cMS
999 _c262367
_d262367